Staročeská kronika tak řečeného Dalimila : Vydání textu a veškerého textového materiálu. Sv.2, Textový materiál kapitol 53 až 103 a doplňků /

Hlavní autor: Dalimil, -asi 1347
Další autoři: Daňhelka, Jiří, 1919-1993
Jazyk: Čeština
Vydáno: Praha : Academia, 1988
Vydání: 1.vyd.
Témata:
Fyzický popis: 604 s.
Knihy
Uloženo v:
LEADER 01337nam a2200349 a 4500
001 000023248
003 CZ BrMZK
005 20040825105431.0
008 950707s1988 xr f cze d
040 |a BOA001  |b cze 
080 |a 82-94  |2 MRF 
080 |a 81-115  |2 MRF 
080 |a 94(437.3)  |2 MRF 
080 |a 94(437)  |2 MRF 
080 |a (0:82-9)  |2 MRF 
100 0 |a Dalimil,  |d -asi 1347  |7 jk01021992 
245 1 0 |a Staročeská kronika tak řečeného Dalimila :  |b Vydání textu a veškerého textového materiálu.  |n Sv.2,  |p Textový materiál kapitol 53 až 103 a doplňků /  |c K vyd.připr.Jiří Daňhelka, ... 
246 3 0 |a Textový materiál kapitol 53 až 103 a doplňků 
250 |a 1.vyd. 
260 |a Praha :  |b Academia,  |c 1988 
300 |a 604 s. 
600 1 7 |a Dalimil,  |d zemř. ca 1347  |7 jk01021992  |2 czenas 
650 0 7 |a kroniky  |7 ph121967  |z Česko  |y 14. stol.  |2 czenas 
650 0 7 |a komparativní lingvistika  |7 ph117212  |2 czenas 
655 7 |a texty  |7 fd133699  |2 czenas 
655 7 |a kroniky  |7 fd132684  |2 czenas 
655 7 |a studie  |7 fd133597  |2 czenas 
651 7 |a Česko  |7 ge128065  |x dějiny  |y poč.-14. stol.  |2 czenas 
700 1 |a Daňhelka, Jiří,  |d 1919-1993  |7 jk01022039 
910 |a BOA001  |b PK-0108.403,2 
990 |a BK 
996 6 |b 3119999176  |c PK-0108.403,2  |l MZK  |r HSS 5p  |n 20  |h 94(437) STA  |w 000023248  |u 000010  |a 0  |e BOA001  |j MZK50  |s P